|
000
|
00798oam2 2200265 450
|
|
001
|
476
|
|
005
|
20100110141856.51
|
|
010
|
|
@a978-7-80228-921-5@dCNY29.80
|
|
100
|
|
@a20081127d2008 em y0chiy0110 ea
|
|
101
|
1
|
@achi@ceng
|
|
102
|
|
@aCN@b110000
|
|
105
|
|
@ay z 000ay
|
|
106
|
|
@ar
|
|
200
|
1
|
@a奥克尼郡藏宝图@Aao ke ni jun zang bao tu@dThe Orkney scroll@f(澳)琳恩·汉弥尔顿著@g齐宝鑫译@zeng
|
|
210
|
|
@a北京@c新世界出版社@d2008
|
|
215
|
|
@a247页@d23cm
|
|
225
|
2
|
@a精典悬疑推理系列
|
|
461
|
0
|
@12001 @a精典悬疑推理系列
|
|
510
|
1
|
@aOrkney scroll@zeng
|
|
606
|
0
|
@a长篇小说@y澳大利亚@z现代
|
|
690
|
|
@aI245@v4
|
|
701
|
1
|
@c(澳)@a汉弥尔顿@Ahan mi er dun@b琳恩@4著
|
|
702
|
0
|
@a齐宝鑫@Aqi bao xin@4译
|
|
801
|
0
|
@aCN@b浙江省新华书店集团公司@c20100110
|
|
905
|
|
@dI245@e192
|
|
|
|
|
| |
| 奥克尼郡藏宝图=The Orkney scroll/(澳)琳恩·汉弥尔顿著/齐宝鑫译.-北京:新世界出版社,2008 |
| 247页;23cm.-(精典悬疑推理系列) |
| |
| |
| ISBN 978-7-80228-921-5:CNY29.80 |
| |
| ● |
正题名:奥克尼郡藏宝图
索取号:I245/192
 
预约/预借
| 序号
|
登录号
|
条形码
|
馆藏地/架位号
|
状态
|
备注
|
|
1
|
325229
|
300325229
|
海科密-1楼/28架7列7层/
[索取号:I245/192]
|
在馆
|
|
|
2
|
325230
|
300325230
|
海科密-1楼/28架7列7层/
[索取号:I245/192]
|
在馆
|
|
|
3
|
325231
|
300325231
|
海科密-1楼/28架7列7层/
[索取号:I245/192]
|
在馆
|
|
|
4
|
325232
|
300325232
|
海科密-1楼/28架7列7层/
[索取号:I245/192]
|
在馆
|
|
|
5
|
325233
|
300325233
|
海科密-1楼/28架7列7层/
[索取号:I245/192]
|
在馆
|
|